[Event "1st WinTV Open"]
[Site "Chennai IND"]
[Date "2004.01.31"]
[Round "12"]
[White "Sidorova,E"]
[Black "Deepan,C"]
[Result "0-1"]
[WhiteElo "2157"]
[BlackElo "2388"]

1.d4 Nf6 2.c4 Nc6 3.Nf3 e6 4.a3 d6 5.Nc3 g6 6.g3 Bg7 7.Bg2 O-O 8.O-O e5 9.d5 Ne7
10.e4 c5 11.Ne1 a6 12.Nd3 Nd7 13.b4 b6 14.bxc5 Nxc5 15.Nxc5 bxc5 16.Rb1 f5
17.Bd2 a5 18.Qc2 fxe4 19.a4 Nf5 20.Nxe4 Nd4 21.Qd3 Bg4 22.f3 Bd7 23.Nxd6 Bxa4
24.Nb7 Qc8 25.Qa3 Bc2 26.Rb6 e4 27.Qxc5 exf3 28.Qxc8 Ne2+ 29.Kh1 fxg2+ 30.Kxg2 Be4+
31.Kh3 Raxc8 32.Re1 Rf2 33.Nd6 Bg2+ 34.Kh4 Rcf8 35.Be3 Bf6+ 36.Bg5 Nd4 37.Bxf6 Nf3+  0-1

[Event "TCh-FRA Nat1 GpA"]
[Site "Evry FRA"]
[Date "2004.02.01"]
[Round "3"]
[White "Gervais,C"]
[Black "Skripchenko,A"]
[Result "0-1"]
[WhiteElo "2148"]
[BlackElo "2456"]

1.d4 Nf6 2.c4 Nc6 3.Nc3 e5 4.Nf3 exd4 5.Nxd4 Bb4 6.Nxc6 bxc6 7.Qd4 h6 8.c5 a5
9.a3 Bxc3+ 10.bxc3 O-O 11.e3 d5 12.cxd6 cxd6 13.c4 c5 14.Qc3 Ne4 15.Qc2 Bb7
16.Bd3 Re8 17.O-O Bc6 18.Bb2 Qg5 19.f4 Qd8 20.Rf3 Rb8 21.Raf1 a4 22.Rh3 Rb3
23.f5 f6 24.Rf4 Qb8 25.Bc1 Rc3 26.Qd1 Qb3  0-1

[Event "9th HIT Open"]
[Site "Nova Gorica SLO"]
[Date "2004.02.04"]
[Round "8"]
[White "Gombac,Jan"]
[Black "De Val,D"]
[Result "1/2-1/2"]
[WhiteElo "2269"]
[BlackElo "2151"]

1.d4 Nf6 2.c4 Nc6 3.Nf3 e6 4.g3 Bb4+ 5.Bd2 Bxd2+ 6.Nbxd2 d6 7.Bg2 O-O 8.O-O e5
9.d5 Ne7 10.e4 a5 11.Ne1 Nd7 12.Nd3 f5 13.f4 exf4 14.Rxf4 fxe4 15.Nxe4 Ng6
16.Rxf8+ Qxf8 17.Ng5 Nde5 18.Be4 h6 19.Ne6 Bxe6 20.dxe6 Qf6 21.Nxe5 Nxe5
22.Bxb7 Rb8 23.Qd5 Ng4 24.e7+ Kh8 25.Qf3 Qxf3 26.Bxf3 Ne5 27.Rf1 Re8 28.Be4 Kg8
29.Rf8+ Rxf8 30.Bd5+ Nf7 31.Bxf7+ Kxf7 32.exf8=Q+ Kxf8 33.Kf2 Ke7 34.Ke3 Ke6
35.Ke4 g6 36.b3 c6 37.a3 Kd7 38.b4 axb4 39.axb4 Kc7 40.g4 Kb7 41.Kd4 Kb6
42.h3 Kc7 43.h4 Kb6 44.h5 gxh5 45.gxh5 Kc7 46.Ke4 Kb6 47.Kf5 d5 48.cxd5 cxd5
49.Ke5 Kb5 50.Kxd5 Kxb4  1/2-1/2

[Event "12th Aosta Open"]
[Site "St Vincent ITA"]
[Date "2004.02.13"]
[Round "7"]
[White "Karl,H"]
[Black "Barlocco,C"]
[Result "1/2-1/2"]
[WhiteElo "2299"]
[BlackElo "2131"]

1.d4 Nf6 2.c4 Nc6 3.Nc3 e5 4.d5 Nb8 5.Nf3 d6 6.e4 Be7 7.Bd3 O-O 8.h3 c6 9.Be3 Qc7
10.O-O a5 11.a3 Na6 12.Rc1 Nc5 13.Bb1 Ne8 14.Nh2 f5 15.exf5 Bxf5 16.Bxf5 Rxf5
17.Qg4 Rf7 18.Rcd1 Nf6 19.Qe2 cxd5 20.cxd5 Nfe4 21.Nxe4 Nxe4 22.Rc1 Qd7 23.Qg4 Qxg4
24.Nxg4 h5 25.Nh2 Nf6 26.Rfd1 a4 27.Nf3 Bd8 28.Ng5 Rc7 29.Rxc7 Bxc7 30.Ne6 Rc8
31.g4 hxg4 32.hxg4 Kf7 33.Rd3 Bd8 34.g5 Ne4 35.b3 b5 36.f3 Ng3 37.Kg2 Nf5
38.Kh3 Nxe3 39.Rxe3 Kg6 40.bxa4 bxa4 41.Re4 Bxg5 42.Rxa4 Bc1 43.Rg4+ Kf6
44.a4 Rc3 45.Rxg7 Rxf3+ 46.Rg3 Rxg3+ 47.Kxg3 Bd2 48.Kf3 Ke7 49.Ke2 Ba5 50.Ng5 Kd7
51.Kd3 Kc8 52.Kc4 Kb7 53.Kb5 Bc7 54.a5 Bd8 55.Ne4 Be7 56.Ng3 Bf8 57.Nf5 e4
58.a6+ Ka7 59.Kc4 Kxa6 60.Kd4 Kb5 61.Kxe4 Kc4 62.Ne3+ Kc3 63.Ng4 Bg7 64.Kf5 Kd4
65.Ke6 Kc5 66.Nf2 Bf8 67.Ne4+ Kb6 68.Nxd6 Kc7 69.Nf5 Ba3 70.Nd4 Kd8 71.Nb5 Bb4
72.Nd6 Ba3 73.Nf7+ Ke8 74.d6 Bxd6 75.Nxd6+  1/2-1/2

[Event "SFch-NED"]
[Site "Leeuwarden NED"]
[Date "2004.02.28"]
[Round "1.1"]
[White "Driessens,P"]
[Black "Ernst,S"]
[Result "1/2-1/2"]
[WhiteElo "2196"]
[BlackElo "2474"]

1.d4 Nf6 2.c4 Nc6 3.Nf3 e6 4.a3 d6 5.Nc3 g6 6.e4 Bg7 7.h3 O-O 8.Bg5 h6 9.Be3 Re8
10.Bd3 Nd7 11.Ne2 e5 12.d5 Nd4 13.Nfxd4 exd4 14.Bxd4 Bxd4 15.Nxd4 Nc5 16.O-O Nxe4
17.Bxe4 Rxe4 18.Re1 Rxe1+ 19.Qxe1 Bd7 20.Qd2 Qf6 21.Re1 Kg7 22.Nb3 b6 23.Kh2 Re8
24.Rxe8 Bxe8 25.f4 g5 26.g3 gxf4 27.gxf4 Ba4 28.Nd4 Bd7 29.b3 Kf8 30.Qe3 Qg6
31.a4 a6 32.Nc6 Qc2+ 33.Kg3 Bxc6 34.dxc6 a5 35.Kh4 Qg2 36.Qd4 Ke7 37.Qe3+ Kf6
38.Kh5 Kf5 39.Qd3+ Kxf4 40.Kxh6 f5 41.h4 Qe4 42.Qd2+ Kf3 43.h5 f4 44.Kg7 Qe5+
45.Kg6 Kg3 46.h6 Qe6+ 47.Kg7 Qg4+ 48.Kf6 Qh4+ 49.Kg6 Qg4+ 50.Kf6 Qh4+ 51.Kg6 f3
52.Qe3 Kg2 53.h7 f2 54.Qg5+ Qxg5+ 55.Kxg5 f1=Q 56.h8=Q Qf3 57.Qe8 Qxb3 58.Qd7 Qe3+
59.Kf6 Qh6+ 60.Ke7 Qh4+ 61.Ke8 Qh8+ 62.Ke7 Qh4+  1/2-1/2

[Event "ch-HUN U20"]
[Site "Budapest HUN"]
[Date "2004.04.06"]
[Round "2"]
[White "Berczes,D"]
[Black "Sebestyen,Ba"]
[Result "1-0"]
[WhiteElo "2293"]
[BlackElo "2286"]

1.d4 Nf6 2.c4 Nc6 3.Nf3 e6 4.g3 Bb4+ 5.Bd2 Qe7 6.Nc3 O-O 7.Bg2 Na5 8.b3 b6
9.O-O Bb7 10.Qc2 Rac8 11.Rfe1 c5 12.a3 Bxc3 13.Bxc3 d5 14.dxc5 dxc4 15.cxb6 Nxb3
16.Ng5 Nxa1 17.Rxa1 Rfd8 18.Bxb7 Qxb7 19.Bxf6 gxf6 20.Qxh7+ Kf8 21.Nxe6+ Ke7
22.Nxd8 Rxd8 23.bxa7 Rd4 24.e3 Rd2 25.Qf5 Qc6 26.a8=Q Qxa8 27.Qc5+ Ke8 28.Qxc4 Qf3
29.Qb5+ Rd7 30.a4 Ke7 31.a5 Rb7 32.Qc5+ Ke6 33.Qd4 Rd7 34.Qc4+ Ke7 35.a6  1-0

[Event "42nd Doeberl Cup"]
[Site "Canberra AUS"]
[Date "2004.04.10"]
[Round "4"]
[White "Bourmistrov,D"]
[Black "Depasquale,C"]
[Result "1-0"]
[WhiteElo "2213"]
[BlackElo "2344"]

1.d4 Nf6 2.c4 Nc6 3.Nf3 d6 4.Nc3 g6 5.g3 Bg7 6.Bg2 O-O 7.O-O e5 8.d5 Ne7
9.e4 Nd7 10.Ne1 f5 11.exf5 gxf5 12.f4 Ng6 13.Rb1 a5 14.Qc2 exf4 15.gxf4 Nh4
16.Kh1 Rf6 17.Rg1 Rg6 18.Be3 Nf6 19.Rd1 Qe7 20.Rd3 Ne4 21.Bf2 Nxf2+ 22.Qxf2 Bd7
23.Re3 Qf6 24.Rd3 Re8 25.Rh3 Rg4 26.Nc2 Ng6 27.Rf3 Qh4 28.Qxh4 Rxh4 29.Bf1 Kf7  1-0

[Event "ACP Blitz Prelim3"]
[Site "playchess.com INT"]
[Date "2004.04.14"]
[Round "14"]
[White "Sharevich,A"]
[Black "Zarnicki,P"]
[Result "0-1"]
[WhiteElo "2240"]
[BlackElo "2521"]

1.d4 Nc6 2.c4 Nf6 3.Nc3 e5 4.d5 Ne7 5.e4 Ng6 6.Nf3 Bb4 7.Bd3 O-O 8.O-O Bxc3
9.bxc3 d6 10.h3 Nd7 11.Be3 b6 12.Nd2 Nf4 13.Bxf4 exf4 14.Nf3 Qf6 15.Qd2 Ne5
16.Nxe5 Qxe5 17.Rac1 Bd7 18.Bc2 Rae8 19.Qd4 Qg5 20.Qd3 Re5 21.Kh1 Qh4 22.Qf3 Kh8
23.Bd1 g5 24.Kg1 Rg8 25.Qh5 Qxh5 26.Bxh5 Rxe4 27.Bxf7 Rg7 28.Bh5 Rge7 29.Bf3 Rxc4
30.Kh2 Kg7 31.g3 Kf6 32.g4 h6 33.Kg2 Bc8 34.Rfd1 Re5 35.Rd4 Ba6 36.a3 Re7
37.Rc2 Re1 38.Rd1 Rxd1 39.Bxd1 Ra4 40.Ra2 Bc4 41.Ra1 Bxd5+ 42.f3 Rc4 43.Rc1 Rc5
44.Be2 Bc4 45.Bd1 Ra5 46.Ra1 Rd5 47.a4 Rd2+ 48.Kg1 a5 49.Rc1 d5 50.Bc2 Re2
51.Bf5 Re3 52.Kf2 Ke5 53.Rc2 c6 54.Rc1 b5 55.axb5 cxb5 56.Rc2 a4 57.Rc1 a3
58.Kg2 a2 59.Kf2 Re2+ 60.Kg1 d4 61.cxd4+ Kxd4 62.Bg6 Rb2 63.Be4 b4 64.Rd1+ Kc5
65.Rc1 Kd4 66.Rd1+ Kc3 67.Rc1+ Kb3 68.Rd1 Ka3 69.Rc1 Bb3 70.Re1 Bc2  0-1

[Event "6th Open"]
[Site "Dubai UAE"]
[Date "2004.04.27"]
[Round "8"]
[White "Hilwani,T"]
[Black "Gupta,Ab"]
[Result "0-1"]
[WhiteElo "2277"]
[BlackElo "2413"]

1.d4 Nf6 2.c4 Nc6 3.Nf3 e6 4.Bg5 h6 5.Bh4 Bb4+ 6.Nc3 g5 7.Bg3 Ne4 8.Qd3 d5
9.e3 h5 10.h4 g4 11.Nd2 Nxg3 12.fxg3 Qd6 13.Kf2 Rh6 14.Ne2 e5 15.Kg1 Bxd2
16.Qxd2 exd4 17.exd4 dxc4 18.Kh2 Bf5 19.d5 O-O-O 20.Qg5 Ne7 21.Nd4 Bd7 22.Re1 Ng8
23.Bxc4 Qc5 24.Nf5 Rg6 25.Qf4 Rf6 26.Qd4 Qxd4 27.Nxd4 Bf5 28.Re5 Bg6 29.Rc1 a6
30.Ne2 Rf5 31.Re3 Nf6 32.Nf4 Nxd5 33.Bxd5 Rfxd5 34.Nxd5 Rxd5 35.Re7 c6 36.Rce1 Kb8
37.R1e5 Rd2 38.Re2 Rd1 39.Re1 Rd2 40.R7e2 Rd3 41.Re3 Rd7 42.Kg1 Ka7 43.Re7 Rd2
44.R1e2 Rd1+ 45.Kf2 c5 46.Rc7 c4 47.Ke3 Rd5 48.Rd2 Rd3+ 49.Rxd3 cxd3 50.b4 Kb6
51.Rc5 Ka7 52.Kf4 Kb8 53.Ke5 b6 54.Rc1 Kb7 55.a3 Kb8 56.Kd5 Kb7 57.Kd6 Be4
58.Ke5 Bg6 59.Kd5 Bf5 60.a4 Bg6 61.a5 b5 62.Re1 Kc7 63.Kc5 Bf5 64.Re7+ Kd8
65.Re1 Kc7 66.Kd5 Be6+ 67.Ke5 Bb3 68.Re3 d2  0-1

[Event "22nd LIE-Open"]
[Site "Triesen LIE"]
[Date "2004.05.17"]
[Round "4"]
[White "Lorscheid,G"]
[Black "Berescu,A"]
[Result "1/2-1/2"]
[WhiteElo "2272"]
[BlackElo "2400"]

1.d4 Nf6 2.c4 Nc6 3.Nf3 e6 4.a3 d5 5.Nc3 g6 6.Bg5 Bg7 7.e3 O-O 8.cxd5 exd5
9.Bd3 Ne7 10.O-O c6 11.Qc2 h6 12.Bxf6 Bxf6 13.b4 Bf5 14.b5 c5 15.Bxf5 Nxf5
16.dxc5 Rc8 17.Qb3 Rxc5 18.Rac1 Qd7 19.a4 Bxc3 20.Rxc3 Rxc3 21.Qxc3 Rc8 22.Qa1 Qe6
23.Rd1  1/2-1/2

[Event "3rd ACP Blitz Prelim2"]
[Site "playchess.com INT"]
[Date "2004.06.01"]
[Round "15"]
[White "Vaisser,A"]
[Black "Zarnicki,P"]
[Result "0-1"]
[WhiteElo "2573"]
[BlackElo "2521"]

1.d4 Nf6 2.c4 Nc6 3.Nf3 d6 4.Nc3 Bg4 5.e3 e5 6.d5 Nb8 7.Be2 Be7 8.Qb3 Qc8
9.h3 Bh5 10.e4 O-O 11.Be3 Nbd7 12.g4 Bg6 13.Nd2 c6 14.h4 h5 15.g5 Ng4 16.Bxg4 hxg4
17.h5 Bh7 18.O-O-O Nc5 19.Qc2 Qd8 20.Rdg1 Bxg5 21.Rxg4 Bxe3 22.fxe3 f5 23.Rg2 cxd5
24.Nxd5 fxe4 25.Rhg1 Kh8 26.Rxg7 Qh4 27.Qd1 Rf2 28.Qg4 Qxg4 29.R1xg4 Raf8
30.Kc2 Rh2 31.Re7 Rxh5 32.Nf6 Rh2 33.Rgg7 Rxf6 34.Rc7 Rff2 35.Kc1 Rxd2 36.Rxh7+ Rxh7
37.Rc8+ Kg7 38.Kxd2 Kf6 39.b4 Ne6 40.Ra8 b6 41.a4 Rh2+ 42.Kd1 Rb2 43.Rxa7 Rxb4  0-1

[Event "ch-SCCF State"]
[Site "Los Angeles USA"]
[Date "2004.07.10"]
[Round "2"]
[White "Taylor,T"]
[Black "West,V"]
[Result "1-0"]
[WhiteElo "2280"]
[BlackElo "2097"]

1.d4 Nf6 2.c4 Nc6 3.Nc3 e5 4.d5 Ne7 5.e4 Ng6 6.Be3 Bb4 7.f3 Bxc3+ 8.bxc3 O-O
9.Qd2 d6 10.Bd3 Nh5 11.Ne2 f5 12.exf5 Bxf5 13.Bxf5 Rxf5 14.g4 Rxf3 15.gxh5 Qh4+
16.Kd1 Qe4 17.Qc2 Qxc2+ 18.Kxc2 Rxe3 19.Kd2 Rxe2+ 20.Kxe2 Nf4+ 21.Kf3 Nxh5
22.Rhf1 Nf4 23.Ke4 b6 24.Rab1 Rc8 25.c5 Ne2 26.Rb3 dxc5 27.Rf5 Nf4 28.Rxe5 Ng6
29.Re6 Rf8 30.Ra3 a5 31.Rb3 a4 32.Rb2 Rf4+ 33.Ke3 Rc4 34.Rf2 Rxc3+ 35.Kd2  1-0

[Event "Open"]
[Site "Condom FRA"]
[Date "2004.07.11"]
[Round "2"]
[White "Van Elst,A"]
[Black "Beuselinck,S"]
[Result "0-1"]
[WhiteElo "2257"]
[BlackElo "2106"]

1.d4 Nf6 2.c4 Nc6 3.Nf3 e6 4.Nc3 Bb4 5.e3 d6 6.Qc2 e5 7.d5 Bxc3+ 8.Qxc3 Ne7
9.Nd2 Bf5 10.f3 h6 11.e4 Bh7 12.Bd3 Nd7 13.O-O O-O 14.b4 c6 15.Nb3 cxd5 16.cxd5 Rc8
17.Qd2 f5 18.Bb2 fxe4 19.fxe4 Qb6+ 20.Kh1 Nf6 21.Qe2 Qxb4 22.Rfe1 Bxe4  0-1

[Event "15th Open"]
[Site "Ljubjana SLO"]
[Date "2004.07.13"]
[Round "5"]
[White "Sebenik,M"]
[Black "De Val,D"]
[Result "1-0"]
[WhiteElo "2426"]
[BlackElo "2145"]

1.c4 Nf6 2.d4 Nc6 3.Nf3 e6 4.a3 g6 5.Nc3 d5 6.Bf4 a6 7.e3 Bg7 8.Rc1 Ne7 9.Bd3 dxc4
10.Bxc4 Ned5 11.Nxd5 exd5 12.Bxc7 Qe7 13.Bb3 Bg4 14.Be5 Rd8 15.h3 Be6 16.Bc7 Rc8
17.Ba5 Qd7 18.Rxc8+ Qxc8 19.Bb4 Bf8 20.Bxf8 Kxf8 21.Qc2 Kg7 22.Qxc8 Rxc8
23.Ke2 Rc6 24.Nd2 Rb6 25.f3 Rc6 26.g4 h5 27.Ba4 Rc7 28.Nb1 Kf8 29.Nc3 Ke7
30.Bb3 Kd6 31.Rg1 Rc8 32.g5 Ng8 33.h4 Ne7 34.Bc2 Rc6 35.Bd3 Rc7 36.Kd2 Rc6
37.Rc1 b5 38.b4 Nc8 39.a4 bxa4 40.Nxa4 Ne7 41.Nc5 Bc8 42.e4 Rb6 43.e5+ Kc7
44.Nxa6+  1-0

[Event "15th Open"]
[Site "Ljubjana SLO"]
[Date "2004.07.14"]
[Round "7"]
[White "Sitnik,I"]
[Black "Biti,O"]
[Result "1/2-1/2"]
[WhiteElo "2254"]
[BlackElo "2352"]

1.d4 Nf6 2.c4 Nc6 3.Nf3 e6 4.a3 d6 5.Nc3 g6 6.e4 Bg7 7.Be2 O-O 8.O-O Re8
9.h3 e5 10.dxe5 dxe5 11.Bg5 Nd4 12.c5 c6 13.Bc4 Qc7 14.Be3 Rd8 15.Ng5 Ne6
16.Qe2 Nxg5 17.Bxg5 Qe7 18.Rfd1 Be6 19.b4 Bxc4 20.Qxc4 Rd4 21.Qe2 Rad8 22.Be3 R4d7
23.Rxd7 Nxd7 24.Rd1 Nf8 25.Rxd8 Qxd8 26.Qd1 Qxd1+ 27.Nxd1 Ne6 28.Nb2 Kf8
29.Nc4 Ke7 30.Kf1 Kd7 31.Ke2 f6 32.g4 Nd8 33.Kd3 Nf7 34.a4 Bf8 35.f4 Be7
36.f5 g5 37.Na5 Nd8 38.b5 Kc8 39.Kc4 Kd7 40.Nb3 Kc8 41.Nc1 Nf7 42.Nd3 a6
43.Nb4 axb5+ 44.axb5 Kd7 45.bxc6+ bxc6 46.Nd3 h6 47.Bd2 Bd8 48.Kb4 Bc7 49.Ka4 Nd8
50.Ba5 Nb7 51.Bb6 Bd8 52.Kb4 Be7 53.Nb2 Bd8 54.Nc4 Be7 55.Na5 Nxa5 56.Kxa5 Kc8
57.Ka6 Kd7  1/2-1/2

[Event "Open"]
[Site "Balatonlelle HUN"]
[Date "2004.07.19"]
[Round "1"]
[White "Farago,I"]
[Black "Frink,F"]
[Result "1-0"]
[WhiteElo "2472"]
[BlackElo "2256"]

1.d4 Nf6 2.c4 Nc6 3.Nf3 e6 4.g3 Bb4+ 5.Bd2 O-O 6.Bg2 d6 7.Bxb4 Nxb4 8.Nc3 Nc6
9.O-O e5 10.h3 e4 11.Nd2 Nxd4 12.Ndxe4 Ne6 13.e3 Nxe4 14.Nxe4 Ng5 15.Nxg5 Qxg5
16.Qd4 Qe5 17.Qd2 Bd7 18.c5 Qxc5 19.Bxb7 Qh5 20.Bxa8 Rxa8 21.Qd1 Qxh3 22.Rc1 Re8
23.Rxc7 Qe6 24.Qd4 d5 25.Rd1 Qd6 26.Qc5  1-0

[Event "JunCh-USA"]
[Site "Lindsborg USA"]
[Date "2004.07.21"]
[Round "2"]
[White "Bercys,S"]
[Black "Benen,S"]
[Result "1-0"]
[WhiteElo "2279"]
[BlackElo "2323"]

1.d4 Nf6 2.c4 Nc6 3.Nf3 e6 4.g3 Bb4+ 5.Bd2 Qe7 6.Bg2 Bxd2+ 7.Nbxd2 d6 8.O-O e5
9.d5 Nb8 10.e4 a5 11.Qc2 Na6 12.a3 O-O 13.Rab1 Nh5 14.b4 axb4 15.axb4 f5
16.exf5 Bxf5 17.Ne4 h6 18.Rfc1 c5 19.bxc5 Nxc5 20.Nfd2 Nf6 21.Rb5 Ng4 22.Rf1 Kh8
23.Qb2 Bxe4 24.Nxe4 Nxe4 25.Rxb7 Qg5 26.Bxe4 Rac8 27.Qe2 Nf6 28.h4 Qg4 29.Qxg4 Nxg4
30.Bd3 e4 31.Be2 Ne5 32.Rc1 Rf6 33.Rb2 Rcf8 34.Rf1 g5 35.hxg5 hxg5 36.Kg2 Kg7
37.Rb7+ Kg6 38.Rb3 Nf3 39.Bxf3 exf3+ 40.Kh3 Re8 41.Re3 Rc8 42.Rc1 g4+ 43.Kxg4 Rg8
44.Re4 Kf7+ 45.Kh3 Rh8+ 46.Rh4  1-0

[Event "ch-AUT"]
[Site "Hartberg AUT"]
[Date "2004.07.24"]
[Round "1"]
[White "Schmidlechner,A"]
[Black "Mahdi,K"]
[Result "0-1"]
[WhiteElo "2212"]
[BlackElo "2379"]

1.d4 Nf6 2.c4 Nc6 3.Nf3 e6 4.Bg5 h6 5.Bh4 d5 6.e3 g6 7.Nc3 Bg7 8.Ne5 Ne7
9.Be2 Nf5 10.Bg3 O-O 11.O-O c6 12.Rc1 Nd7 13.Nf3 a6 14.b4 b5 15.cxd5 Nxg3
16.hxg3 exd5 17.Nb1 Bb7 18.Nbd2 Qe7 19.Rb1 Nb6 20.Nb3 Bc8 21.Nc5 Bf5 22.Rc1 a5
23.a4 Nxa4 24.Nxa4 bxa4 25.b5 cxb5 26.Bxb5 a3 27.Rc5 Rfc8 28.Bc6 Ra6 29.Qc1 a2
30.Nh4 Bb1 31.Bxd5 Rxc5 32.dxc5 Bd3 33.Bxa2 Bxf1 34.Qxf1 Rc6 35.Qd3 Kh7 36.f4 Bf6
37.Nf3 Rxc5 38.e4 Rc3 39.Qd5 Qc5+ 40.Qxc5 Rxc5 41.Bxf7 a4 42.e5 Bd8 43.e6 Be7
44.Nh4 a3 45.Nxg6 Rc7  0-1

[Event "Skanska Open"]
[Site "Pardubice CZE"]
[Date "2004.07.30"]
[Round "8"]
[White "Khmelniker,I"]
[Black "Gutman,G"]
[Result "1-0"]
[WhiteElo "2444"]
[BlackElo "2509"]

1.d4 Nf6 2.c4 Nc6 3.Nf3 e6 4.g3 Bb4+ 5.Nbd2 Qe7 6.Bg2 d6 7.O-O Bxd2 8.Qxd2 e5
9.b3 O-O 10.d5 Nb8 11.Nh4 Re8 12.e4 Nbd7 13.Bb2 Nc5 14.Rae1 a5 15.f4 Nfd7
16.Nf5 Qf8 17.h4 f6 18.h5 g6 19.hxg6 hxg6 20.Ne3 Qh6 21.Ng4 Qh5 22.fxe5 fxe5
23.Nh6+ Kh8 24.Bf3 Qh3 25.Qg5 Kh7 26.Re2 Qxh6 27.Rh2 Qxh2+ 28.Kxh2 Rf8 29.Bc1 Rf6
30.Qh6+ Kg8 31.Bg5  1-0

[Event "Open"]
[Site "Vladimir RUS"]
[Date "2004.08.22"]
[Round "5"]
[White "Kosyrev,V"]
[Black "Dudukin,Ilya"]
[Result "1/2-1/2"]
[WhiteElo "2550"]
[BlackElo "2420"]

1.d4 Nf6 2.c4 Nc6 3.Nf3 e6 4.e3 Bb4+ 5.Nbd2 d6 6.Be2 e5 7.d5 Bxd2+ 8.Qxd2 Ne7
9.O-O a5 10.b3 O-O 11.Bb2 Ne4 12.Qc2 Nc5 13.Nd2 b5 14.cxb5 Nxd5 15.Bf3 Nb4
16.Qc3 Rb8 17.a3 Nbd3 18.b4 Nxb2 19.bxc5 Na4 20.Qxa5 Nxc5 21.a4 Bd7 22.Rfc1 Re8
23.Bd5 Be6 24.Bxe6 fxe6 25.Qc3 Rf8 26.Qc4 Qf6 27.Rf1 Qg6 28.Nb3 Nd3 29.a5 d5
30.Qxc7 Rxb5 31.a6 Qf7 32.Qc3 e4 33.a7 Ra8 34.Qc6 Rb7 35.Nd4 Raxa7 36.Qc8+ Qf8
37.Qxe6+ Qf7 38.Rxa7 Rxa7 39.Qc8+ Qf8 40.Qc6 Qa8  1/2-1/2

[Event "ch-CAN"]
[Site "Toronto CAN"]
[Date "2004.08.29"]
[Round "9"]
[White "Quan Zhe"]
[Black "Stevens,C"]
[Result "0-1"]
[WhiteElo "2324"]
[BlackElo "2266"]

1.d4 Nf6 2.c4 Nc6 3.Nf3 e6 4.Nc3 Bb4 5.Qc2 d6 6.Bd2 O-O 7.a3 Bxc3 8.Bxc3 Re8
9.e3 e5 10.dxe5 Nxe5 11.Nxe5 dxe5 12.Be2 c5 13.Bf3 Rb8 14.O-O b6 15.Rad1 Qc7
16.h3 Be6 17.Bd5 Rbd8 18.Bxe6 Rxe6 19.Qf5 Rde8 20.Qf3 Nd7 21.Rd5 Nf8 22.Rfd1 f6
23.Qg4 R6e7 24.f4 exf4 25.exf4 Ng6 26.f5 Nf4 27.Bxf6 Nxd5 28.cxd5 Rf7 29.Bc3 Qd7
30.d6 Qxf5 31.d7 Rd8 32.Qe2 Rfxd7 33.Rf1 Qd5 34.Qg4 Rf7 35.Re1 Qf5 36.Qc4 Rf8
37.Rd1 Qf2+ 38.Kh1 Qf4 39.Qe6 Qf5 40.Qc4 Re8 41.b3 h6 42.a4 Re4 43.Qd3 Rf4
44.Qd8+ Kh7 45.Kh2 Rf1 46.Rxf1 Qxf1 47.Be5 Qf5 48.Bg3 Qe4 49.Qd6 Rf1 50.Qc7 Qb1
51.Be5 Rh1+ 52.Kg3 Qxb3+ 53.Kh4 Qg8 54.Qe7 Rf1 55.Bc3 Qc4+  0-1

[Event "TCh-CRO"]
[Site "Rabac CRO"]
[Date "2004.09.07"]
[Round "3"]
[White "Zaja,I"]
[Black "Saric,Ib"]
[Result "1/2-1/2"]
[WhiteElo "2452"]
[BlackElo "2413"]

1.d4 Nf6 2.c4 Nc6 3.Nf3 e6 4.a3 d6 5.Nc3 g6 6.e4 Bg7 7.Be2 O-O 8.O-O Re8
9.d5 Ne7 10.h3 exd5 11.cxd5 c6 12.dxc6  1/2-1/2

[Event "TCh-CRO"]
[Site "Rabac CRO"]
[Date "2004.09.12"]
[Round "8"]
[White "Berebora,F"]
[Black "Biti,O"]
[Result "1-0"]
[WhiteElo "2404"]
[BlackElo "2352"]

1.d4 Nf6 2.c4 Nc6 3.Nc3 e5 4.d5 Ne7 5.Nf3 Ng6 6.h4 h5 7.Qc2 Bb4 8.Bg5 O-O
9.e3 Re8 10.Nd2 Bxc3 11.bxc3 d6 12.Ne4 Bf5 13.Nxf6+ gxf6 14.Qxf5 fxg5 15.hxg5 e4
16.Rxh5 Re5 17.Qg4 c6 18.dxc6 bxc6 19.Qd1 Qa5 20.Qb3 Ree8 21.Qb4 Qe5 22.Rd1 Red8
23.Be2 Rab8 24.Qa3 c5 25.Kf1 Rb7 26.g3 Rdb8 27.Rh1 Rb2 28.Qxa7 Qxc3 29.Rxd6 R2b7
30.Qa6 Rb1+ 31.Kg2 Rxh1 32.Kxh1 Qe1+ 33.Kg2 Qxe2 34.Rxg6+ fxg6 35.Qxg6+ Kh8
36.Qf6+ Kg8 37.Qe6+ Kg7 38.Qe5+ Kf7 39.g6+ Kxg6 40.Qxe4+  1-0

[Event "TCh-SCG Women"]
[Site "Budva SCG"]
[Date "2004.09.15"]
[Round "7"]
[White "Gebejes,A"]
[Black "Miloradovic,M"]
[Result "1-0"]
[WhiteElo "2077"]
[BlackElo "1859"]

1.d4 Nf6 2.c4 Nc6 3.Nc3 e6 4.Nf3 d5 5.Bg5 Be7 6.Qc2 Nb4 7.Qb1 dxc4 8.e3 h6
9.Bxf6 Bxf6 10.Bxc4 g6 11.O-O O-O 12.Qe4 c6 13.Ne5 Bg7 14.f4 Nd5 15.Qf3 a6
16.Rad1 Qc7 17.e4 Ne7 18.Bb3 c5 19.d5 exd5 20.Nxd5 Nxd5 21.Bxd5 Bxe5 22.fxe5 Qxe5
23.Bxf7+ Kg7 24.Rd5 Qxb2 25.e5 Bf5 26.Rf2 Qc1+ 27.Rd1 Qg5 28.e6 Rad8 29.Rxd8 Rxd8
30.Qc3+ Kh7 31.Qe1 Qg4 32.e7 Rb8 33.e8=Q  1-0

[Event "Open"]
[Site "Bucharest ROM"]
[Date "2004.09.25"]
[Round "7"]
[White "Svetushkin,D"]
[Black "Berescu,A"]
[Result "1/2-1/2"]
[WhiteElo "2546"]
[BlackElo "2404"]

1.d4 Nf6 2.c4 Nc6 3.Nf3 e6 4.Nc3 Bb4 5.Qc2 d6 6.Bg5 h6 7.Bd2 O-O 8.a3 Bxc3
9.Bxc3 Qe7 10.h3 e5 11.d5 Nb8 12.O-O-O Na6 13.b4 c6 14.dxc6 bxc6 15.e3 c5
16.b5 Nc7 17.Nd2 Bb7  1/2-1/2

[Event "TCh-Vojvodina"]
[Site "Sombor SCG"]
[Date "2004.09.29"]
[Round "7"]
[White "Ilincic,Z"]
[Black "Vlahovic,B"]
[Result "1-0"]
[WhiteElo "2520"]
[BlackElo "2389"]

1.d4 Nf6 2.c4 Nc6 3.Nf3 e6 4.g3 Bb4+ 5.Bd2 Qe7 6.Bg2 O-O 7.O-O Bxd2 8.Qxd2 d5
9.Rc1 Rd8 10.cxd5 exd5 11.Qc2 Ne8 12.Nc3 Nb4 13.Qb3 c6 14.Re1 Be6 15.Rad1 h6
16.Ne5 Na6 17.Nd3 Nd6 18.h3 Ne4 19.Nf4 Bf5 20.g4 Bh7 21.Nxe4 Bxe4 22.f3 Bh7
23.e4 Qc7 24.e5 Qb6 25.Qe3 Qxb2 26.Re2 Qb4 27.Nh5 Bg6 28.Ng3 c5 29.f4 cxd4
30.Rxd4 Qe7 31.f5 Bh7 32.Bxd5 Nb4 33.Bg2 Rxd4 34.Qxd4 Na6 35.Qd6 Qh4 36.e6 fxe6
37.fxe6 Bg6 38.e7 Rc8 39.Qxg6  1-0

[Event "36th Olympiad"]
[Site "Calvia ESP"]
[Date "2004.10.20"]
[Round "6"]
[White "Dydyshko,V"]
[Black "Nogueira,I"]
[Result "1-0"]
[WhiteElo "2581"]
[BlackElo "2293"]

1.d4 Nf6 2.c4 Nc6 3.Nf3 e6 4.g3 Bb4+ 5.Bd2 Qe7 6.Nc3 Bxc3 7.Bxc3 Ne4 8.Rc1 O-O
9.Bg2 d6 10.d5 Nxc3 11.Rxc3 Nb8 12.O-O e5 13.b4 a5 14.Ra3 b6 15.Nd2 Na6 16.bxa5 Nc5
17.Nb3 Bd7 18.Qc1 Na4 19.Qd2 Rfb8 20.Rc1 h6 21.Bh3 Be8 22.axb6 cxb6 23.Qe3 Qc7
24.f4 f6 25.Be6+ Bf7 26.f5 Kf8 27.Kf2 Nb2 28.Nd2 Be8 29.Ne4 Ke7 30.Qb3 Rxa3
31.Qxa3 Na4 32.Rb1 Ra8 33.Rb4 Ra5 34.Qe3 Qa7 35.Qb3 Qc7 36.Kg2 Ra6 37.Qe3 Qa7
38.Qb3 Nc5 39.Nxc5 dxc5 40.Rb5 Kd6 41.Bc8 Bxb5 42.Qxb5 Rxa2 43.Qc6+ Ke7 44.d6+ Kd8
45.Bb7 Qb8 46.Qxb6+  1-0

[Event "36th Olympiad"]
[Site "Calvia ESP"]
[Date "2004.10.25"]
[Round "10"]
[White "Halay,T"]
[Black "Nogueira,I"]
[Result "1-0"]
[WhiteElo "2264"]
[BlackElo "2293"]

1.d4 Nf6 2.c4 Nc6 3.Nf3 e6 4.Nc3 Bb4 5.e3 Ne4 6.Qc2 d5 7.Bd3 f5 8.O-O O-O
9.cxd5 exd5 10.Nxd5 Bd6 11.Nc3 Kh8 12.Nxe4 Nb4 13.Qb1 fxe4 14.Bxe4 Be6 15.Bd2 Nd5
16.Qc2 Qe8 17.Ne5 Qh5 18.f4 c5 19.f5 Bg8 20.Rf3 Ne7 21.Rh3 Qg5 22.Nf3 Qf6
23.dxc5 Bc7 24.Bc3 Qf7 25.Ng5 Qe8 26.f6 gxf6 27.Bxh7  1-0

[Event "Extraliga CZE 2004-5"]
[Site "Czech Rep CZE"]
[Date "2004.11.07"]
[Round "2"]
[White "Dydyshko,V"]
[Black "Blatny,P"]
[Result "0-1"]
[WhiteElo "2581"]
[BlackElo "2454"]

1.d4 Nf6 2.c4 Nc6 3.Nf3 e6 4.g3 Bb4+ 5.Bd2 Bxd2+ 6.Qxd2 Qe7 7.Nc3 e5 8.Nxe5 Nxe5
9.dxe5 Qxe5 10.Bg2 O-O 11.O-O d6 12.Rfd1 Re8 13.Rac1 Qh5 14.Qf4 Bg4 15.Bxb7 Rab8
16.Bc6 Re5 17.Rd2 Rf5 18.Qe3 Rc5 19.Bd5 Re8 20.Qf4 Bxe2 21.b4 Rxd5 22.cxd5 Bg4
23.Rd4 Re5 24.Qd2 Bf3 25.Rh4 Qf5 26.Rf4 Qh3 27.Rxf3 Ng4  0-1

[Event "WYb12"]
[Site "Heraklio GRE"]
[Date "2004.11.11"]
[Round "9"]
[White "Galburd,Y"]
[Black "Szabo,Le"]
[Result "1-0"]
[WhiteElo "2051"]
[BlackElo "2173"]

1.d4 Nf6 2.c4 Nc6 3.Nf3 e6 4.Nc3 d6 5.e4 g6 6.Be2 Bg7 7.O-O O-O 8.h3 Re8
9.Be3 e5 10.d5 Nd4 11.Bd3 Nxf3+ 12.Qxf3 Nd7 13.Rab1 a5 14.a3 b6 15.Bc2 Rf8
16.g4 Nb8 17.Nb5 Bd7 18.Kh2 Kh8 19.Rg1 Qc8 20.Rg2 Na6 21.Nc3 Qd8 22.Ne2 Bf6
23.b4 Bg5 24.Rgg1 Qe7 25.Ng3 Bxe3 26.Qxe3 Qh4 27.Kg2 Rg8 28.f4 h5 29.fxe5 dxe5
30.Qh6+  1-0

[Event "British Rapidplay"]
[Site "Halifax ENG"]
[Date "2004.11.14"]
[Round "8"]
[White "Williams,Si"]
[Black "Palliser,R"]
[Result "1-0"]
[WhiteElo "2473"]
[BlackElo "2402"]

1.d4 Nf6 2.c4 Nc6 3.Nf3 e6 4.Nc3 Bb4 5.Bg5 h6 6.Bh4 g5 7.Bg3 Ne4 8.Qc2 Nxg3
9.hxg3 g4 10.Nh2 Nxd4 11.Qd3 e5 12.e3 Nc6 13.Nxg4 d6 14.Rxh6 Rxh6 15.Nxh6 Be6
16.Qh7 Bxc3+ 17.bxc3 Qe7 18.Nf5 Bxf5 19.Qxf5 Qd7 20.Qg5 Ne7 21.Qh5 O-O-O
22.Qxf7 Rh8 23.Qf6 Qe8 24.Qf3 Nc6 25.Qd5 Qg6 26.Bd3 e4 27.Bxe4 Qf6 28.Qf5+ Qxf5
29.Bxf5+ Kd8 30.Ke2 Ne5 31.c5 Ke8  1-0

[Event "XLIII WJun"]
[Site "Kochin IND"]
[Date "2004.11.22"]
[Round "6"]
[White "Grigorov,G"]
[Black "Deepan,C"]
[Result "1/2-1/2"]
[WhiteElo "2321"]
[BlackElo "2396"]

1.d4 Nf6 2.c4 Nc6 3.Nf3 e6 4.Nc3 Bb4 5.Qc2 d6 6.Bg5 h6 7.Bd2 O-O 8.a3 Bxc3
9.Bxc3 Qe7 10.e3 e5 11.d5 Nb8 12.Nd2 a5 13.Be2 Nbd7 14.O-O a4 15.Rae1 e4
16.Bd4 c6 17.dxc6 bxc6 18.c5 Nxc5 19.Bxc5 dxc5 20.Rc1 Rd8 21.Rfd1 Be6 22.Qxc5 Qxc5
23.Rxc5 Rab8 24.Nc4 Rxd1+ 25.Bxd1 Bxc4 26.Rxc4 Rxb2 27.Rc1 Ra2 28.Bxa4 c5
29.h3 Rxa3 30.Bb5 Kh7 31.Rxc5 Ra5 32.f4 Ne8 33.Re5 Nd6 34.Bc6 Rxe5 35.fxe5 Nc4
36.Bxe4+ Kg8 37.e6 fxe6 38.Kf2 Kf7 39.Bd3 Nd6 40.Kf3 Kf6 41.Kf4 Nb7 42.h4 Nc5
43.Bc2 Nd7 44.Ba4 Nc5 45.Bc2 Nd7 46.Ba4 Nb6 47.Bb3 Nc8 48.Bc2 Ne7 49.e4 Nc8  1/2-1/2